000 01806nam a2200385 c 4500
003 BLK
005 20240916095132.0
008 180409b bul|||||r ||||||| ||bul||
010 _aKNG00144422000
020 _a978-954-360-006-9
_bиздат.: АзБуки-Просвета - на том(кн. за учит.)
040 _aBLK
041 _aBUL
_cBUL
072 7 _2bullib
_aН372
_xУчебни предмети. Учебници Н
080 _aМетодика по природознание
_b372.850.2
_x(072)
_z372.850.2(072)
700 _aБоянова, Лиляна
_qЙорданова, Лиляна Боянова
_9366905
700 1 _aЙорданова, Лиляна Боянова
_e*
_9364055
139 _aЧовекът и природата V клас
_bЧ 89
245 1 0 _aЧовекът и природата V клас
_cавт. на том Лиляна Боянова; * Лиляна Боянова Йорданова.
_nКн. за учителя
257 _aBGR
260 София
_c2006
_fЗа том: София : Родина
300 _c24 см
380 _a3
650 4 _aПриродознание - учебници за основни училища
_9246376
653 _aприродознание
653 _aкнига за учителя
653 _aV кл.
659 _aН
760 1 _3- на том(кн. за учит.)
_dАзБуки-Просвета, 2006
_h183 с.
_nКомплект с учебник и уч. тетр. - Пълното име на авт. е Лиляна Боянова Йорданова
_tКн. за учителя
852 _aЦб 260180
856 4 _qpdf
_u
856 4 _qpdf
_u
942 _cKNG
_n0
944 _aCR
_c25.06.2013
_k30550
_lКети Илиева
944 _aED
_c18.11.2013
_k
999 _c138431
_d138431